Every Governor and Senator in the United States - Statistics

General Stats
  • This quiz has been taken 59 times
  • The average score is 111 of 155
Answer Stats
State + Party Politician % Correct
Kentucky Andy Beshear
100%
Vermont Bernie Sanders
100%
California Gavin Newsom
100%
Texas Greg Abbott
100%
Michigan Gretchen Whitmer
100%
Illinois J. B. Pritzker
100%
Vermont Phil Scott
100%
Florida Rick Scott
100%
Florida Ron DeSantis
100%
Arkansas Sarah Huckabee Sanders
100%
Maine Susan Collins
100%
Wisconsin Tammy Baldwin
100%
Texas Ted Cruz
100%
South Carolina Tim Scott
100%
New Hampshire Chris Sununu
92%
New York Chuck Schumer
92%
Mississippi Cindy Hyde-Smith
92%
New Jersey Cory Booker
92%
Massachusetts Elizabeth Warren
92%
Ohio J. D. Vance
92%
West Virginia Joe Manchin
92%
Pennsylvania John Fetterman
92%
Georgia Jon Ossoff
92%
Pennsylvania Josh Shapiro
92%
Arizona Kyrsten Sinema
92%
Kansas Laura Kelly
92%
Florida Marco Rubio
92%
Arizona Mark Kelly
92%
Kentucky Mitch McConnell
92%
Wisconsin Ron Johnson
92%
Illinois Tammy Duckworth
92%
Minnesota Tim Walz
92%
Minnesota Tina Smith
92%
California Alex Padilla
83%
Minnesota Amy Klobuchar
83%
Maine Angus King
83%
Connecticut Chris Murphy
83%
Iowa Chuck Grassley
83%
Michigan Gary Peters
83%
Virginia Glenn Youngkin
83%
Lousiana John Kennedy
83%
Montana Jon Tester
83%
New York Kathy Hochul
83%
New York Kirsten Gillibrand
83%
South Dakota Kristi Noem
83%
South Carolina Lindsey Graham
83%
Utah Mitt Romney
83%
New Jersey Phil Murphy
83%
Georgia Raphael Warnock
83%
New Jersey Robert Menendez
83%
Ohio Sherrod Brown
83%
Virginia Tim Kaine
83%
Indiana Todd Young
83%
Wisconsin Tony Evers
83%
Maryland Wes Moore
83%
Tennessee Bill Lee
75%
Georgia Brian Kemp
75%
Nevada Catherine Cortez Masto
75%
Delaware Christopher Coons
75%
Colorado Jared Polis
75%
Texas John Cornyn
75%
Colorado John Hickenlooper
75%
South Dakota John Thune
75%
Iowa Joni Ernst
75%
Hawai'i Josh Green
75%
Missouri Joshua Hawley
75%
Alabama Katie Britt
75%
Arizona Katie Hobbs
75%
Alabama Katie Ivey
75%
Alaska Lisa Murkowski
75%
Oklahoma Markwayne Mullin
75%
Tennessee Marsha Blackburn
75%
Massachusetts Maura Healey
75%
Colorado Michael Bennett
75%
Ohio Michael DeWine
75%
Idaho Mike Crapo
75%
Utah Mike Lee
75%
Washington Patty Murray
75%
Kentucky Rand Paul
75%
Connecticut Richard Blumenthal
75%
Rhode Island Sheldon Whitehouse
75%
North Carolina Thom Tillis
75%
Alabama Tommy Tuberville
75%
Hawai'i Brian Schatz
67%
Maryland Chris Van Hollen
67%
Wyoming Cynthia Lummis
67%
Illinois Dick Durbin
67%
Massachusetts Edward Markey
67%
Missouri Eric Schmitt
67%
Montana Greg Gianforte
67%
South Carolina Henry McMaster
67%
Rhode Island Jack Reed
67%
Nevada Jacky Rosen
67%
New Hampshire Jeanne Shaheen
67%
West Virginia Jim Justice
67%
Nevada Joe Lombardo
67%
Wyoming John Barrasso
67%
Iowa Kim Reynolds
67%
California Laphonza Butler
67%
New Hampshire Margaret Hassan
67%
Vermont Peter Welch
67%
Pennsylvania Robert Casey
67%
Kansas Roger Marshall
67%
Utah Spencer Cox
67%
Mississippi Tate Reeves
67%
Arkansas Tom Cotton
67%
New Mexico Ben Ray Luján
58%
Louisiana Bill Cassidy
58%
Rhode Island Daniel McKee
58%
Alaska Dan Sullivan
58%
Nebraska Deb Fischer
58%
Oklahoma James Lankford
58%
Idaho James Risch
58%
Maine Janet Mills
58%
Nebraska Jim Pillen
58%
Arkansas John Boozman
58%
North Dakota John Hoeven
58%
North Dakota Kevin Cramer
58%
Washington Maria Cantwell
58%
Virginia Mark Warner
58%
New Mexico Martin Heinrich
58%
Hawai'i Mazie Hirono
58%
Alaska Michael Dunleavy
58%
New Mexico Michelle Lujan Grisham
58%
Indiana Mike Braun
58%
South Dakota Mike Rounds
58%
Connecticut Ned Lamont
58%
Mississippi Roger Wicker
58%
Oregon Ron Wyden
58%
North Carolina Roy Cooper
58%
West Virginia Shelly Moore Capito
58%
Montana Steve Daines
58%
North Carolina Ted Budd
58%
Oregon Tina Kotek
58%
Delaware Tom Carper
58%
Maryland Ben Cardin
50%
Tennessee Bill Hagerty
50%
Idaho Brad Little
50%
Michigan Debbie Stabenow
50%
North Dakota Doug Burgum
50%
Washington Jay Inslee
50%
Oregon Jeffrey Merkley
50%
Kansas Jerry Moran
50%
Louisiana John Bel Edwards
50%
Delaware John Carney
50%
Oklahoma Kevin Stitt
50%
Wyoming Mark Gordon
50%
Nebraska Peter Ricketts
50%
Indiana Eric Holcomb
42%
Missouri Mike Parson
42%
U.S. Virgin Islands Albert Bryan
33%
Northern Mariana Islands Arnold Palacios
17%
American Samoa Lemanu Peleti Mauga
17%
Guam Lou Leon Guerrero
8%
Puerto Rico Pedro Rafael Pierluisi Urrutia
0%
No matching quizzes found
Score Distribution
Percent of People with Each Score
Percentile by Number Answered
Your Score History
You have not taken this quiz